[Event "12. Online Aktivschach WM"]
[Site "Schachcomputer.info"]
[Date "2016.02.27"]
[Round "6.8"]
[White "Millennium ChessGenius"]
[Black "Tasc R30 V2.2"]
[Result "1/2-1/2"]
[WhiteElo "2200"]
[BlackElo "2367"]
[Annotator "Wiselius,Paul"]
[PlyCount "144"]

1. e4 e5 2. Nf3 Nc6 3. Bc4 Bc5 4. d3 d6 5. O-O Nf6 6. Nc3 {* errechnet} Bg4 7.
h3 Be6 {* errechnet} 8. Bxe6 fxe6 9. Na4 Bb6 10. Nxb6 axb6 11. Qe1 O-O 12. Qc3
Qd7 13. a4 b5 14. b3 b4 15. Qd2 Qf7 16. Ng5 Qe7 17. Qd1 d5 18. Bb2 d4 19. Bc1
h6 20. Nf3 Nd7 21. Bd2 Qc5 22. Ra2 Qd6 23. Qe1 Qe7 24. Ra1 Qc5 25. Qd1 Rf7 26.
Ne1 Rf6 27. Kh1 Ne7 28. Qg4 Ra6 29. f3 Qd6 30. Kg1 Ra8 31. Qg3 Ng6 32. Kh1 Nf4
33. Qf2 Ra6 34. Kg1 Ra5 35. Rd1 Ra8 36. Rb1 Rff8 37. Qh4 Ne2+ 38. Kh2 Nc3 39.
Ra1 Nf6 40. Rf2 Kh8 41. Kg1 Qe7 42. Kh1 Ra5 43. Qg3 Nh5 44. Qg6 Nf4 45. Qg4 h5
46. Qg3 Nce2 47. Qh2 Qh4 48. Rxe2 Nxe2 49. g3 Nxg3+ 50. Kg2 Ne2 51. Bxb4 Nf4+
52. Kh1 Raa8 53. Ng2 Qxh3 54. Bxf8 Rxf8 55. Nxf4 Qxh2+ 56. Kxh2 Rxf4 57. Kg2 g5
58. a5 Kg7 59. a6 bxa6 60. Rxa6 Kf6 61. Rc6 g4 62. fxg4 Rxg4+ 63. Kh3 Rg7 64.
Kh4 Rh7 65. Rc5 Rf7 66. Kxh5 Rg7 67. Rc6 Rg5+ 68. Kh4 Rg7 69. b4 Re7 70. Kg3
Rg7+ 71. Kf2 Rh7 72. b5 Rf7 1/2-1/2

[Event "12. Online Aktivschach WM"]
[Site "Schachcomputer.info"]
[Date "2016.02.25"]
[Round "6.9"]
[White "Mephisto Magellan"]
[Black "Fidelity Elite V11"]
[Result "1/2-1/2"]
[WhiteElo "2239"]
[BlackElo "2333"]
[PlyCount "108"]

1. e4 c6 2. d4 d5 3. Nc3 g6 4. h3 dxe4 5. Nxe4 Bg7 6. Nf3 Bf5 7. Ng3 Be6 8. Be2
Nf6 9. O-O O-O 10. c4 Qb6 11. b3 Na6 12. Bb2 Rad8 13. Re1 c5 14. Qd2 cxd4 15.
Bxd4 Qb4 16. Qe3 b6 17. a3 Qd6 18. Rad1 Bc8 19. b4 Qc7 20. Be5 Qb7 21. Nd4 Bd7
22. Bf3 Qc8 23. Nb5 Bxb5 24. cxb5 Rxd1 25. Rxd1 Nb8 26. Rc1 Qe6 27. Bxb8 Qxe3
28. fxe3 Rxb8 29. Rc7 Rd8 30. Rxa7 Bh6 31. Rxe7 Kf8 32. Rc7 Bxe3+ 33. Kf1 Rd3
34. Ne4 Nxe4 35. Bxe4 Rxa3 36. Bd5 Rd3 37. Rxf7+ Ke8 38. Be6 Rd6 39. Bb3 h6 40.
Rh7 Rd2 41. Bf7+ Kf8 42. Bxg6 Rf2+ 43. Ke1 Rxg2 44. Bh5 Rb2 45. Rf7+ Kg8 46.
Re7 Bd2+ 47. Kd1 Bxb4 48. Rd7 Kf8 49. Rf7+ Kg8 50. Ra7 Bc3 51. Bf7+ Kg7 52.
Bc4+ Kf6 53. Ra2 Rxa2 54. Bxa2 Kg5 1/2-1/2

[Event "12. Online Aktivschach WM"]
[Site "Schachcomputer.info"]
[Date "2016.01.08"]
[Round "6.10"]
[White "Novag Star Diamond"]
[Black "Millennium ChessGenius 80 MHz"]
[Result "0-1"]
[WhiteElo "2183"]
[BlackElo "2250"]
[PlyCount "89"]

1. e4 e5 2. Nf3 Nc6 3. Bb5 a6 4. Ba4 Nf6 5. O-O Be7 6. Re1 b5 7. Bb3 d6 8. c3
O-O 9. h3 Re8 10. d4 Bb7 11. Nbd2 Qc8 12. Qe2 exd4 13. cxd4 Na5 14. Bc2 c5 15.
e5 dxe5 16. dxe5 Nd5 17. Ne4 Nb4 18. Rd1 Nc4 19. Bb3 Qf5 20. Ned2 Nxd2 21. Rxd2
c4 22. Bd1 Bf6 23. Qf1 Bxe5 24. Nxe5 Qxe5 25. Bg4 Nd3 26. Re2 Qf6 27. a4 Bc6
28. axb5 axb5 29. Be3 Nxb2 30. f4 Nd3 31. Rd1 b4 32. Kh2 b3 33. Qg1 Nxf4 34.
Red2 Nxh3 35. Kxh3 h5 36. Be2 Qe6+ 37. Kh2 c3 38. Rd3 b2 39. Bd4 Qxe2 40. Rg3
Re4 41. Rxg7+ Kf8 42. Bf6 Rh4+ 43. Bxh4 Kxg7 44. Re1 Qxg2+ 45. Qxg2+ 0-1

[Event "12. Online Aktivschach WM"]
[Site "Schachcomputer.info"]
[Date "2016.01.09"]
[Round "6.11"]
[White "Mephisto Montreux"]
[Black "Mephisto London 68030"]
[Result "1/2-1/2"]
[WhiteElo "2257"]
[BlackElo "2339"]
[PlyCount "91"]

1. e4 Nf6 2. e5 Nd5 3. c4 Nb6 4. d4 d6 5. f4 dxe5 6. fxe5 Nc6 7. Be3 Bf5 8. Nc3
e6 9. Nf3 Qd7 10. Be2 Rd8 11. O-O Bg4 12. c5 Nd5 13. Nxd5 Qxd5 14. Qc2 Bxf3 15.
Bxf3 Nxd4 16. Qa4+ Qd7 17. Qxa7 Nxf3+ 18. Rxf3 Qc6 19. Bf2 Rd5 20. Rf1 Be7 21.
Rb3 Bxc5 22. Bxc5 Qxc5+ 23. Qxc5 Rxc5 24. Rxb7 Ke7 25. b4 Rc2 26. b5 Ra8 27.
Ra1 Kd8 28. b6 cxb6 29. Rxf7 Raxa2 30. Rxa2 Rxa2 31. Rxg7 Re2 32. Rxh7 Rxe5 33.
h4 b5 34. g4 b4 35. Kf2 Rb5 36. g5 Ke8 37. g6 Kf8 38. h5 Kg8 39. h6 Rh5 40. Ke3
b3 41. Kd2 e5 42. Kc3 Rh3+ 43. Kb2 e4 44. Ka3 e3 45. Rg7+ Kh8 46. Re7 1/2-1/2

[Event "12. Online Aktivschach WM"]
[Site "Schachcomputer.info"]
[Date "2016.02.29"]
[Round "6.12"]
[White "Fidelity Designer 68030 50 MHz"]
[Black "Mephisto Chess Challenger 40 MHz"]
[Result "0-1"]
[WhiteElo "2180"]
[BlackElo "2200"]
[PlyCount "70"]

1. e4 c5 2. Nf3 Nc6 3. d4 cxd4 4. Nxd4 Nf6 5. Nc3 e5 6. Ndb5 d6 7. Bg5 a6 8.
Na3 Be7 {* errechnet} 9. Nc4 {* errechnet} 9... O-O 10. Bxf6 Bxf6 11. Nxd6 Nd4
12. Nxc8 Rxc8 13. Bd3 Bg5 14. Nd5 f5 15. O-O Bh6 16. c3 Ne6 17. Qe2
{...vielleicht besser vereinfachen:} (17. exf5 Qxd5 18. fxe6 Qxe6 19. Qe2 Kh8)
17... Ng5 { ...objektiv gesehen vielleicht nicht der beste zug, aber offenbar
sieht der CC hier schon die angriffschancen...} 18. Bc4 b5 19. Bb3 {...auch
gut ist Se7+, aber der Designer traut es nicht...} (19. Ne7+ Kh8 20. Nxc8 bxc4
21. Qxc4 Qxc8 (21... Nxe4 22. Na7 Nd2 23. Qxa6 Nxf1 24. Rxf1)22. Qxc8 Rxc8 23.
exf5) 19... Kh8 20. exf5 Rxf5 21. h4 {?? ...übersieht das gefahr. Mit fast
jeder andere zug behalt er vorteil...} 21... Nf3+ {!!} 22. Qxf3 (22. gxf3 Qxh4
23. Qe4 Rg5+ 24. Qg4 Rxg4+ 25. fxg4 Qxg4+ {und matt in 7...}) 22... Rxf3 23.
gxf3 Qxh4 24. Rfe1 Qg5+ 25. Kf1 Qh5 26. Nb4 e4 27. Bd5 (27. fxe4 Rf8 28. Nd3
Qh1+ 29. Ke2 Qxe4+ 30. Kf1 Qxd3+) 27... exf3 28. Bxf3 Qxf3 29. Kg1 Rf8 30. Nd3
Qxd3 31. Re6 Qf3 32. Rae1 Qxf2+ 33. Kh1 Bd2 34. Re8 Bxe1 35. Rxf8+ Qxf8 0-1

[Event "12. Online Aktivschach WM"]
[Site "Schachcomputer.info"]
[Date "2016.01.06"]
[Round "6.13"]
[White "Novag Sapphire II"]
[Black "Revelation II Diablo"]
[Result "1/2-1/2"]
[WhiteElo "2153"]
[BlackElo "2169"]
[PlyCount "142"]

1. e4 c5 2. Nf3 Nc6 3. d4 cxd4 4. Nxd4 g6 5. Nc3 Bg7 6. Be3 Nf6 7. Bc4 Qa5 8.
O-O O-O 9. Nb3 Qc7 10. f4 d6 11. Be2 b6 12. Bf3 Bb7 13. Bf2 Rac8 14. Bh4 Nb4
15. a3 Na6 16. Qe2 Nc5 17. Nb5 Ba6 18. Nxc7 Bxe2 19. Bxe2 Nxb3 20. cxb3 Rxc7
21. Bd3 Nh5 22. Rab1 Bh6 23. g3 Bg7 24. Bc4 Nf6 25. Rbe1 e6 26. Ba6 Rc2 27. Rf2
Rxf2 28. Kxf2 Ng4+ 29. Ke2 Nxh2 30. Be7 Re8 31. Bxd6 Bxb2 32. Rb1 Bc3 33. Rc1
Bb2 34. Rc7 Ra8 35. e5 Bd4 36. Bb7 Rd8 37. Be7 Rb8 38. Ba6 Bc5 39. Bxc5 bxc5
40. Bc4 Ng4 41. Rxa7 Nh6 42. a4 Nf5 43. Kf2 Nd4 44. a5 Nxb3 45. Bxb3 Rxb3 46.
Rc7 Ra3 47. Rxc5 Kg7 48. Kg2 h6 49. Kh3 h5 50. Kg2 g5 51. fxg5 Kg6 52. Kf2 Kxg5
53. Kg2 Kf5 54. Kf2 Ke4 55. Rb5 Ra2+ 56. Kf1 Kf3 57. Rb3+ Kg4 58. Re3 Rxa5 59.
Kf2 Ra2+ 60. Kf1 Rb2 61. Kg1 Rc2 62. Kf1 Ra2 63. Kg1 Rb2 64. Kf1 Rc2 65. Kg1
Rd2 66. Kf1 Kf5 67. Rf3+ Kg6 68. Rf6+ Kg7 69. Rf4 Rc2 70. Rh4 Kg6 71. Re4 Ra2
1/2-1/2

[Event "12. Online Aktivschach WM"]
[Site "Schachcomputer.info"]
[Date "2016.02.26"]
[Round "6.14"]
[White "Mephisto Chess Explorer 32 MHz"]
[Black "Mephisto Milano Pro"]
[Result "1-0"]
[WhiteElo "2150"]
[BlackElo "2163"]
[PlyCount "101"]

1. d4 d5 2. c4 c6 3. Nc3 e6 4. e4 dxe4 5. Nxe4 Bb4+ 6. Bd2 {Buchende Schwarz}
6... Qxd4 7. Bxb4 Qxe4+ 8. Be2 Qxg2 9. Bf3 Qg5 {Buchende Weiss} 10. Ne2 Nd7
11. Rg1 Qf6 12. Bc3 e5 13. Ng3 g6 14. Ne4 Qh4 15. Nd6+ Ke7 16. Bb4 c5 17.
Nxc8+ Rxc8 18. Bxb7 Rd8 19. Bd2 Qxc4 20. Qb3 Qxb3 21. axb3 a5 22. Rxa5 Rb8 23.
Ra7 f5 24. f4 Ngf6 25. fxe5 Nxe5 26. Bc3 Nfd7 27. b4 Rhf8 28. Ke2 c4 29. b5
Rfe8 30. Rd1 Kf7 31. Kf1 Re7 32. Bb4 Ree8 33. Bd6 Rbd8 34. Bc6 Ke6 35. Bc7 Rc8
36. Re1 Kf6 37. Bxe5+ Nxe5 38. Bxe8 Rxe8 39. Ra6+ Kf7 40. b6 Re7 41. Ra7 Nd7
42. Rc7 Rxe1+ 43. Kxe1 Ke6 44. b7 Nb8 45. Rxc4 Kd6 46. Rc8 h6 47. Rxb8 Kc7 48.
Rg8 Kxb7 49. Rxg6 h5 50. Rg5 h4 51. Rxf5 1-0

[Event "12. Online Aktivschach WM"]
[Site "Schachcomputer.info"]
[Date "2016.01.23"]
[Round "7.1"]
[White "Mephisto Atlanta"]
[Black "Tasc CM 32 MHz Gideon 3.1"]
[Result "0-1"]
[WhiteElo "2266"]
[BlackElo "2377"]
[PlyCount "178"]

1. Nf3 Nf6 2. c4 e6 3. d4 d5 4. e3 dxc4 5. Bxc4 c5 6. O-O a6 7. Qe2 b5 8. Bb3
Bb7 9. Nc3 cxd4 10. exd4 Be7 11. Bf4 O-O 12. Rac1 Nc6 13. Rfd1 Na5 14. Bc2 Rc8
15. Bg5 b4 16. Bxf6 gxf6 17. Na4 f5 18. Nc5 Bxf3 19. Qxf3 Bg5 20. Rb1 h6 21.
Qd3 Qd6 22. a3 bxa3 23. bxa3 Bf6 24. Ba4 Rfd8 25. Qxa6 Qxa6 26. Nxa6 Nc4 27.
Rb4 Nxa3 28. Nc5 Bxd4 29. Nb7 Bc3 30. Rxd8+ Rxd8 31. Nxd8 Bxb4 32. Be8 Kg7 33.
Bxf7 Be7 34. Bxe6 Kf6 35. Bxf5 Kxf5 36. Nc6 Bd6 37. g3 Ke4 38. Kg2 Nc2 39. f3+
Kd5 40. Nd8 Ne3+ 41. Kf2 Bc5 42. Nf7 Ke6 43. Nd8+ Kd7 44. Nf7 Ke7 45. Nxh6 Nf5+
46. Ke2 Nxh6 47. f4 Ng4 48. h3 Nf2 49. h4 Ke6 50. h5 Kf5 51. Kf3 Ng4 52. Kg2
Nh6 53. Kh3 Be7 54. Kg2 Kg4 55. Kf2 Bf6 56. Ke2 Nf5 57. Kd3 Kxh5 58. Kc4 Nxg3
59. Kd5 Kg4 60. Ke6 Ba1 61. f5 Nxf5 62. Kd5 Kf4 63. Kc6 Ke5 64. Kb7 Kd6 65. Kc8
Kc6 66. Kb8 Be5+ 67. Ka8 Nd6 68. Kb8 Kb6 69. Ka8 Ka6 70. Kb8 Nc4+ 71. Kc8 Ne3
72. Kd7 Kb5 73. Ke6 Bg3 74. Kd7 Kc5 75. Ke6 Kc6 76. Kf6 Kd6 77. Kg5 Ke6 78. Kg6
Bh4 79. Kh6 Ng2 80. Kh5 Kf5 81. Kh6 Bf6 82. Kh7 Ke6 83. Kg8 Ke7 84. Kh7 Kf7 85.
Kh6 Nf4 86. Kh7 Bg5 87. Kh8 Ng6+ 88. Kh7 Nf8+ 89. Kh8 Bf6# 0-1

[Event "12. Online Aktivschach WM"]
[Site "Schachcomputer.info"]
[Date "2016.01.25"]
[Round "7.2"]
[White "Tasc R30 V2.23"]
[Black "Tasc R30 Gideon"]
[Result "1-0"]
[WhiteElo "2367"]
[BlackElo "2318"]
[PlyCount "94"]

1. d4 c6 2. e4 d5 3. exd5 cxd5 4. c4 Nf6 5. Nc3 Nc6 6. Bg5 Qa5 7. Bd2 dxc4 8.
Bxc4 Nxd4 9. Nb5 Qb6 10. Nxd4 e5 11. Nb3 Bd6 12. Rc1 O-O 13. Ba5 Bb4+ 14. Bxb4
Qxb4+ 15. Qd2 Qe7 16. Qe3 Bg4 17. Nf3 Bxf3 18. Qxf3 b5 19. Be2 a6 20. O-O Rfd8
21. Qc6 Nd5 22. Rfd1 Nb4 23. Qe4 Nxa2 24. Rc5 f6 25. Rcd5 Rab8 26. Nc5 a5 27.
Na6 Rbc8 28. Bxb5 Nb4 29. Rxd8+ Rxd8 30. Rxd8+ Qxd8 31. Nxb4 axb4 32. Qxb4 Kh8
33. Qb3 Qd2 34. Qf7 h6 35. Qe8+ Kh7 36. b4 Qd6 37. Bf1 f5 38. b5 e4 39. g3 g6
40. b6 Qxb6 41. Bc4 h5 42. Qg8+ Kh6 43. Qh8+ Kg5 44. h4+ Kg4 45. Be2+ Kh3 46.
Bf1+ Kg4 47. Qh6 Qxf2+ 1-0

[Event "12. Online Aktivschach WM"]
[Site "Schachcomputer.info"]
[Date "2016.01.15"]
[Round "7.3"]
[White "Revelation II Vancouver"]
[Black "Revelation II Lyon"]
[Result "0-1"]
[WhiteElo "2350"]
[BlackElo "2310"]
[PlyCount "86"]

1. d4 d5 2. Nf3 Nf6 3. Bg5 Qd6 4. c3 h6 5. Bh4 Bf5 6. e3 Nbd7 7. Nbd2 e6 8. Be2
Qb6 9. Nb3 Be7 10. O-O O-O 11. c4 dxc4 12. Bxc4 c5 13. Rc1 Rac8 14. Qd2 Be4 15.
Ne5 Rfd8 16. Nxd7 Rxd7 17. Bd3 Bxd3 18. Qxd3 g5 19. Bg3 Rc6 20. Qb1 cxd4 21.
Nxd4 Rc5 22. Nb3 Rxc1 23. Rxc1 Bd6 24. Rc8+ Kg7 25. Qc2 Qa6 26. a3 Bxg3 27.
hxg3 Qd3 28. Nd4 Qxc2 29. Rxc2 e5 30. Nf5+ Kg6 31. g4 Rd1+ 32. Kh2 Nxg4+ 33.
Kg3 Kxf5 34. e4+ Kxe4 35. Kxg4 f5+ 36. Kh5 Rg1 37. f3+ Kf4 38. Kxh6 g4 39. fxg4
fxg4 40. Kh5 g3 41. a4 e4 42. Kg6 Rxg2 43. Rxg2 Kf3 0-1

[Event "12. Online Aktivschach WM"]
[Site "Schachcomputer.info"]
[Date "2016.01.21"]
[Round "7.4"]
[White "Tasc CM 32 MHz King 2.54"]
[Black "Tasc CM 32 MHz Gideon 3.0"]
[Result "1-0"]
[WhiteElo "2376"]
[BlackElo "2353"]
[PlyCount "109"]

1. e4 c5 2. Nf3 Nc6 3. d4 cxd4 4. Nxd4 g6 5. Nc3 Bg7 6. Be3 Nf6 7. Nxc6 bxc6 8.
e5 Ng8 9. f4 f6 10. Bd4 Qa5 {*} 11. Qe2 {*} Rb8 12. O-O-O fxe5 13. Bxe5 Bxe5
14. Qxe5 Qxe5 15. fxe5 Nh6 16. Bc4 Rf8 17. Rhe1 Rf2 18. g3 Rxh2 19. Rh1 Rh5 20.
Rxh5 gxh5 21. Rh1 Kf8 22. Rxh5 Kg7 23. Bd3 Rb4 24. a3 Rb8 25. Rg5+ Kh8 26. Ne4
Nf7 27. Rf5 Kg7 28. Ng5 Nh8 29. Rf4 h6 30. Nf3 c5 31. Rg4+ Kf7 32. e6+ dxe6 33.
Rc4 Kf6 34. Rxc5 Nf7 35. Ra5 Bb7 36. Nd2 Ra8 37. Ne4+ Bxe4 38. Bxe4 Rg8 39.
Rxa7 Rxg3 40. Kd1 h5 41. Ra8 h4 42. Ke2 h3 43. a4 h2 44. a5 Rg1 45. a6 Ke5 46.
Bb7 Ra1 47. b4 h1=Q 48. Bxh1 Rxh1 49. b5 Rh2+ 50. Kf1 Rxc2 51. b6 Nd6 52. b7
Nxb7 53. axb7 Rb2 54. b8=Q+ Rxb8 55. Rxb8 1-0

[Event "12. Online Aktivschach WM"]
[Site "Schachcomputer.info"]
[Date "2016.01.13"]
[Round "7.5"]
[White "Revelation II London"]
[Black "Tasc R30 V2.5"]
[Result "0-1"]
[WhiteElo "2400"]
[BlackElo "2368"]
[PlyCount "202"]

1. e4 e5 2. Nf3 Nf6 3. Nxe5 d6 4. Nf3 Nxe4 5. d4 d5 6. Bd3 Bd6 7. O-O O-O 8. c4
c6 9. Qc2 Na6 10. a3 Bg4 11. Ne5 Bxe5 12. dxe5 Nac5 {*} 13. b4 Nxd3 14. Qxd3
Bf5 15. cxd5 cxd5 16. Qd4 {*} f6 17. Bf4 Rc8 18. f3 Ng5 19. Bxg5 fxg5 20. Qxa7
b6 21. Nd2 Rc2 22. Rf2 Re8 23. Re1 Rc3 24. f4 Re7 25. Qa4 Bc2 26. Qa6 Bd3 27.
b5 gxf4 28. Rxf4 Rc5 29. Qa4 Bxb5 30. Qd4 Rec7 31. Rf2 Rc1 32. Nf3 R7c4 33. Qb2
Rxe1+ 34. Nxe1 Qe8 35. Rc2 Qc6 36. Rxc4 dxc4 37. Qd4 c3 38. h3 Qc4 39. Qd8+ Kf7
40. Qxb6 Qf1+ 41. Kh2 Qxe1 42. Qxb5 Qd2 43. Qb3+ Ke7 44. Qb4+ Ke6 45. Qg4+ Kxe5
46. Qxg7+ Kd6 47. Qf8+ Kc7 48. Qc5+ Kd7 49. Qf5+ Kc6 50. Qe4+ Kd6 51. Qb4+ Ke6
52. Qe4+ Kf6 53. Qxh7 c2 54. Qh8+ Ke7 55. Qe5+ Kd7 56. Qf5+ Kc6 57. Qc8+ Kb5
58. Qe8+ Kc4 59. Qa4+ Kc5 60. Qa7+ Kb5 61. a4+ Kb4 62. Qb7+ Kxa4 63. Qa6+ Kb3
64. Qe6+ Kb2 65. Qb6+ Ka3 66. Qa6+ Kb4 67. Qb6+ Kc4 68. Qc6+ Kd3 69. Qd5+ Ke2
70. Qf3+ Ke1 71. Qg3+ Kd1 72. Qf3+ Qe2 73. Qd5+ Kc1 74. Qc5 Qd3 75. Qb4 Qe3 76.
Qb5 Qd4 77. Kh1 Qd1+ 78. Kh2 Qd6+ 79. Kh1 Qf4 80. Kg1 Qg3 81. Kh1 Qd6 82. Qg5+
Kb1 83. Qb5+ Ka2 84. Qc4+ Kb2 85. Qb5+ Kc3 86. Qa5+ Kb3 87. Qb5+ Qb4 88. Qf1
Kb2 89. Qf6+ Kb1 90. Qf5 Qd4 91. g4 Kb2 92. Qb5+ Ka3 93. Qa6+ Kb3 94. Qb7+ Qb4
95. Qf7+ Kc3 96. Qf6+ Qd4 97. Qc6+ Kd3 98. Qf3+ Qe3 99. Qd5+ Ke2 100. Qg2+ Kd1
101. Qf1+ Qe1 0-1

[Event "12. Online Aktivschach WM"]
[Site "Schachcomputer.info"]
[Date "2016.01.17"]
[Round "7.6"]
[White "Resurrection Ruffian"]
[Black "Saitek Risc 2500"]
[Result "1/2-1/2"]
[WhiteElo "2379"]
[BlackElo "2244"]
[PlyCount "60"]

1. d4 d5 2. c4 c6 3. Nc3 Nf6 4. Nf3 dxc4 5. a4 Bf5 6. e3 e6 7. Bxc4 Bb4 8. O-O
O-O 9. Qb3 {*} Qe7 10. Nh4 Bg6 11. Nxg6 hxg6 12. Bd2 c5 {*} 13. dxc5 Nc6 14.
Rfd1 Qxc5 15. Be2 Rfd8 16. Rac1 Qf5 17. Bf3 a5 18. Be1 Rac8 19. Ne2 Rxd1 20.
Rxd1 Ne4 21. Bxb4 Nxb4 22. Nc3 Nxc3 23. bxc3 Qc2 24. Qxc2 Nxc2 25. Rc1 Nb4 26.
c4 Na2 27. Rc2 Nb4 28. Rc1 Na2 29. Rc2 Nb4 30. Rc1 Na2 1/2-1/2

[Event "12. Online Aktivschach WM"]
[Site "Schachcomputer.info"]
[Date "2016.01.12"]
[Round "7.7"]
[White "Millennium ChessGenius 80 MHz"]
[Black "Tasc R30 V2.2"]
[Result "0-1"]
[WhiteElo "2250"]
[BlackElo "2367"]
[PlyCount "88"]

1. d4 d5 2. c4 dxc4 3. Nf3 Nf6 4. Nc3 a6 5. e4 b5 6. e5 Nd5 7. a4 c6 {Buchende
Weiss} 8. axb5 Nxc3 9. bxc3 cxb5 10. Ng5 f6 11. Ne4 {Buchende Schwarz} Bb7 12.
Nc5 Bd5 13. Qg4 g6 14. Bf4 Nd7 15. Nxd7 Qxd7 16. Qg3 Qb7 17. exf6 exf6 18. Qe3+
Kf7 19. Qg3 b4 20. Rb1 Re8+ 21. Kd1 Qb5 22. Be3 Qa4+ 23. Ke1 Qc2 24. Rd1 Qxc3+
25. Ke2 b3 26. Qh3 f5 27. f4 Qb2+ 28. Rd2 Qc1 29. Kf2 b2 30. Be2 Qxh1 31. Rxb2
Ba3 32. Bf3 Bxb2 33. Bxd5+ Kg7 34. Qf3 Bc1 35. g4 Bxe3+ 36. Kg3 Qg1+ 37. Kh3
Bf2 38. gxf5 Qf1+ 39. Kg4 Kf6 40. Qg3 h5+ 41. Kh4 Bxg3+ 42. hxg3 Re2 43. Bg2
Rxg2 44. fxg6 Rh2# 0-1

[Event "12. Online Aktivschach WM"]
[Site "Schachcomputer.info"]
[Date "2016.01.11"]
[Round "7.8"]
[White "Fidelity Elite V11"]
[Black "Millennium ChessGenius"]
[Result "1-0"]
[WhiteElo "2333"]
[BlackElo "2200"]
[PlyCount "105"]

1. e4 c6 2. d4 d5 3. exd5 cxd5 4. Bd3 Nf6 5. c3 g6 6. Qa4+ Nc6 7. Nf3 Bg7 8.
Ne5 Qc7 9. O-O O-O 10. Nxc6 bxc6 11. Re1 Rb8 12. b3 e6 13. Ba3 Rd8 14. Bb4 Re8
15. Bc5 a5 16. Qa3 Rd8 17. Nd2 Nh5 18. g3 Ra8 19. b4 Ba6 20. Bxa6 Rxa6 21. Nb3
Nf6 22. bxa5 Ne4 23. Bb4 Raa8 24. Qb2 Rdb8 25. Qe2 Qd8 26. a6 Qb6 27. f3 Nf6
28. Nc5 Qa7 29. Reb1 Ne8 30. Ba3 Rb6 31. Rxb6 Qxb6 32. Qd3 Nc7 33. Rb1 Qa5 34.
Bc1 Nb5 35. a4 Qxc3 36. axb5 Bxd4+ 37. Kg2 Qxc5 38. b6 Be5 39. a7 Rd8 40. Bd2
Re8 41. Kh3 g5 42. Qa6 g4+ 43. fxg4 Ra8 44. b7 Rxa7 45. b8=Q+ Bxb8 46. Rxb8+
Qf8 47. Rxf8+ Kxf8 48. Bh6+ Ke7 49. Qxa7+ Kd8 50. Qb7 Ke8 51. Bg5 Kf8 52. Bf6
c5 53. Qc8# 1-0

[Event "12. Online Aktivschach WM"]
[Site "Schachcomputer.info"]
[Date "2016.01.13"]
[Round "7.9"]
[White "Mephisto Atlanta 32 MHz"]
[Black "Mephisto Magellan"]
[Result "1-0"]
[WhiteElo "2301"]
[BlackElo "2239"]
[PlyCount "133"]

1. d4 Nf6 2. c4 e6 3. Nc3 Bb4 4. e3 c5 5. Bd3 O-O 6. Nf3 d5 7. O-O dxc4 8. Bxc4
Nbd7 9. Qe2 cxd4 10. exd4 b6 11. d5 Bxc3 12. dxe6 Bb4 13. a3 Bd6 14. Rd1 Qc7
15. exd7 Bxd7 16. Qd3 Rad8 17. Qxd6 Qxc4 18. Bg5 Ne4 19. Qe7 Nxg5 20. Nxg5 Qc8
21. Rac1 Bf5 22. Re1 Qa8 23. Rcd1 Rde8 24. Qc7 Bg6 25. b4 h6 26. Nh3 Rxe1+ 27.
Rxe1 Re8 28. Rxe8+ Qxe8 29. Qc1 Bf5 30. Nf4 Qe5 31. h3 g5 32. Nh5 Bg6 33. Ng3
Kg7 34. Qd1 a6 35. Qa4 Bd3 36. Qc6 Qa1+ 37. Kh2 Bg6 38. Qa4 Bd3 39. Nh5+ Kh7
40. Qc6 Qd4 41. Qf6 Qxf6 42. Nxf6+ Kg6 43. Nd7 Bb5 44. Nxb6 Kf6 45. Kg3 Ke5 46.
Kg4 Be2+ 47. f3 f5+ 48. Kh5 Bf1 49. Kxh6 Bxg2 50. Kxg5 Bxh3 51. Nd7+ Kd5 52.
Nb8 Bf1 53. Kxf5 Kd6 54. f4 Kc7 55. Nxa6+ Bxa6 56. Ke5 Bb5 57. f5 Kd8 58. f6
Ke8 59. Ke6 Kf8 60. Kd5 Kf7 61. Kc5 Be8 62. b5 Ke6 63. Kb6 Kd6 64. a4 Kd7 65.
Ka7 Ke6 66. b6 Bxa4 67. b7 1-0

[Event "12. Online Aktivschach WM"]
[Site "Schachcomputer.info"]
[Date "2016.01.16"]
[Round "7.10"]
[White "Mephisto Chess Challenger 40 MHz"]
[Black "Mephisto Montreux"]
[Result "0-1"]
[WhiteElo "2200"]
[BlackElo "2257"]
[PlyCount "63"]

1. e4 e5 2. d4 d6 3. dxe5 {* errechnet} 3... dxe5 4. Qxd8+ Kxd8 5. Nf3 Nc6 {
errechnet} 6. Bb5 Bg4 7. Bxc6 Bxf3 8. Bxb7 Bxg2 9. Rg1 Rb8 10. Bd5 Bh3 11. Rg6
{??? ...leider wieder ein Aussetzer...} 11... fxg6 12. b3 Nf6 13. Be3 Nxd5 14.
exd5 Rb7 15. c4 Bb4+ 16. Ke2 Rf8 17. Nd2 Bg4+ 18. Kd3 Bf5+ 19. Ne4 Bxe4+ 20.
Kxe4 Kd7 21. Rd1 Rf5 22. c5 Rb8 23. d6 c6 24. Kd3 e4+ 25. Kc4 Ba3 26. Rb1 Rb5
27. b4 a5 28. Rb3 Rxb4+ 29. Rxb4 Bxb4 30. h3 Be1 31. Bd4 Bxf2 32. Bxf2 {...und
aufgegeben für Weiß...} 0-1

[Event "12. Online Aktivschach WM"]
[Site "Schachcomputer.info"]
[Date "2016.01.12"]
[Round "7.11"]
[White "Pewatronic Master Chess"]
[Black "Novag Star Diamond"]
[Result "0-1"]
[WhiteElo "2203"]
[BlackElo "2183"]
[PlyCount "92"]

1. d4 c5 2. Nf3 cxd4 3. Nxd4 d5 4. e4 dxe4 5. Bb5+ Bd7 6. Bc4 Nf6 7. O-O e5 8.
Nb5 Nc6 9. Bg5 Bg4 10. Qxd8+ Rxd8 11. Nc7+ Kd7 12. Nd5 Nxd5 13. Bxd5 f6 14. Be3
f5 15. h3 Bh5 16. Bxc6+ Kxc6 17. Bxa7 b6 18. Re1 Kb7 19. Bxb6 Kxb6 20. a4 Rd1
21. Rxd1 Bxd1 22. Nd2 Be2 23. a5+ Ka6 24. c3 Be7 25. Nf1 Bxf1 26. Kxf1 Rd8 27.
b4 Rd2 28. Ra4 Rc2 29. Ra3 f4 30. g3 Rc1+ 31. Ke2 f3+ 32. Ke3 Re1+ 33. Kd2 Re2+
34. Kd1 Rxf2 35. h4 e3 36. b5+ Kb7 37. Ra1 Rf1+ 38. Kc2 Rxa1 39. a6+ Ka7 40.
Kd3 e2 41. b6+ Kxb6 42. Kc4 Ra5 43. Kd3 e1=Q 44. Kc2 Qe2+ 45. Kb1 Rb5+ 46. Kc1
Ba3# 0-1

[Event "12. Online Aktivschach WM"]
[Site "Schachcomputer.info"]
[Date "2016.01.13"]
[Round "7.12"]
[White "Mephisto London 68030"]
[Black "Novag Sapphire II"]
[Result "1-0"]
[WhiteElo "2339"]
[BlackElo "2153"]
[PlyCount "98"]

1. Nf3 d5 2. c4 d4 3. e3 Nc6 4. exd4 Nxd4 5. Nxd4 Qxd4 6. Nc3 e5 7. d3 Ne7 8.
Qe2 Bd7 9. Be3 Qd6 10. O-O-O O-O-O 11. Bxa7 b6 12. Qf3 Qc6 13. Be2 Kb7 14. Bxb6
Qxf3 15. Bxf3+ Kxb6 16. d4 exd4 17. Rxd4 g6 18. Rhd1 Bh6+ 19. Kc2 Bf5+ 20. Kb3
Rxd4 21. Rxd4 Kc5 22. Rh4 Bg7 23. Na4+ Kd6 24. c5+ Kd7 25. Ka3 Nc6 26. Be4 Bxe4
27. Rxe4 Re8 28. Rxe8 Kxe8 29. b4 Kd7 30. b5 Nd4 31. Kb4 Ne6 32. c6+ Kd6 33.
Kc4 h5 34. Nc3 Bxc3 35. Kxc3 h4 36. Kc4 Nc5 37. g3 Ne4 38. a4 Nd2+ 39. Kb4 hxg3
40. fxg3 Nf1 41. a5 Ne3 42. a6 Nd5+ 43. Ka5 Nb6 44. a7 f6 45. Ka6 g5 46. g4 Kc5
47. Kb7 f5 48. gxf5 Kd6 49. f6 g4 1-0

[Event "12. Online Aktivschach WM"]
[Site "Schachcomputer.info"]
[Date "2016.01.13"]
[Round "7.13"]
[White "Revelation II Diablo"]
[Black "Mephisto Chess Explorer 32 MHz"]
[Result "1/2-1/2"]
[WhiteElo "2169"]
[BlackElo "2150"]
[PlyCount "107"]

1. e4 e5 2. Nf3 Nc6 3. Bb5 a6 4. Ba4 d6 5. Bxc6+ bxc6 6. d4 exd4 {*} 7. Nxd4
{* } 7... c5 8. Nf3 Bb7 9. Nc3 Nf6 10. Qd3 Be7 11. Bd2 O-O 12. O-O-O Ng4 13.
Qe2 Bf6 14. h3 Ne5 15. Nd5 Bxd5 16. exd5 Nxf3 17. gxf3 Re8 18. Qc4 Bd4 19. Bc3
Bxf2 20. Qg4 g6 21. f4 f5 22. Qf3 Qh4 23. Rhf1 Be3+ 24. Bd2 Bd4 25. Rfe1 Rab8
26. Rxe8+ Rxe8 27. Qd3 Bg7 28. Rf1 Rb8 29. Bc3 Bxc3 30. Qxc3 Kf7 31. Qa5 Re8
32. Qxc7+ Re7 33. Qa5 Qxh3 34. Re1 Rxe1+ 35. Qxe1 Kf8 36. b3 Qg4 37. Qe3 h5
38. Kb2 h4 39. Qe6 Qxf4 40. Qf6+ Ke8 41. Qe6+ Kd8 42. Qf6+ Kc8 43. Qf8+ Kd7
44. Qf7+ Kd8 45. Qf6+ Kc7 46. Qe7+ Kb8 47. Qe8+ Ka7 48. Qd7+ Kb6 49. Qc6+ Ka7
50. Qc7+ Ka8 51. Qc8+ Ka7 52. Qc7+ Ka8 53. Qc8+ Ka7 54. Qc7+ 1/2-1/2